Finančné účtovníctvo a riadenie s aplikáciou IFRS

Guardado en:
Detalles Bibliográficos
Autor principal: Krištofík, Peter
Otros Autores: Šuranová, Zuzana, Saxunová, Darina
Formato: Libro
Lenguaje:eslovaco
Publicado: Bratislava Iura Edition 2011
Edición:2. preprac. a dopln. vyd.
Materias:
Etiquetas: Agregar Etiqueta
Sin Etiquetas, Sea el primero en etiquetar este registro!

MARC

LEADER 00000nam a2200000 4500
001 0141802
005 20240226122341.8
020 |a 978-80-8078-396-9 
041 0 |a slo 
044 |a SK 
245 1 0 |a Finančné účtovníctvo a riadenie s aplikáciou IFRS  |c Peter Krištofík, Zuzana Šuranová, Darina Saxunová 
250 |a 2. preprac. a dopln. vyd. 
264 1 |a Bratislava  |b Iura Edition  |c 2011 
300 |a 803 s. 
610 2 0 |a účtovníctvo finančné 
610 2 0 |a riadenie finančné 
610 2 0 |a vedenie účtovníctva 
610 2 0 |a podnik 
610 2 0 |a systémy účtovné 
610 2 0 |a náklady 
610 2 0 |a výnosy 
610 2 0 |a výsledok hospodársky 
610 2 0 |a majetok 
610 2 0 |a záväzky 
610 2 0 |a imanie vlastné 
610 2 0 |a bilancie 
610 2 0 |a koncerny 
610 2 0 |a metódy účtovné 
610 2 0 |a štandardy účtovné medzinárodné 
610 2 0 |a závierka účtovná konsolidovaná 
610 2 0 |a IFRS 
100 1 |a Krištofík, Peter 
700 1 |a Šuranová, Zuzana 
700 1 |a Saxunová, Darina